| 000 | 00399nam a22001697a 4500 | ||
|---|---|---|---|
| 003 | SGT | ||
| 020 | _a9780390727827 | ||
| 082 |
_a615.85 _bN22J |
||
| 100 | _aJOSHI, SHUBHANGINI.A. | ||
| 245 | _aNUTRITION AND DIETETIES | ||
| 250 | _a1ST | ||
| 260 |
_aINDIA _bMC. GAR WHILL _c2022 |
||
| 300 | _a711 | ||
| 650 | _aNUTRITION DIETETIES | ||
| 653 | _aDIETETIES NUTRITION, DIET, FOOD | ||
| 942 |
_2ddc _cBK |
||
| 999 |
_c22874 _d22874 |
||